000
00320nam a22001337a 4500
999
_c
11210
_d
11210
003
OSt
008
220511b ||||| |||| 00| 0 eng d
020
_a
9780198061830
100
_a
KHARATE,G.K.
245
_a
Digital Electronics
260
_a
New Delhi
_b
Oxford University Prees
_c
2014
300
_a
667
942
_2
ddc
_c
BK